Reproductive and recruitment traits as indicators of the invasive potential of Kalanchoe daigremontiana (Crassulaceae) and Stapelia gigantea (Apocynaceae) in a neotropical arid zone (Registro nro. 13632)

Detalles MARC
000 -CABECERA
Campo de control 006970000a22001930004500
090 ## - CLASIFICACIÓN LOCAL
Colección AR
Consecutivo 04532
041 0# - IDIOMA
Código de idioma para texto/pista de sonido o título separado
100 1# - ASIENTO PRINCIPAL--NOMBRE PERSONAL
Nombre personal Herrera, I.
245 10 - MENCION DE TITULO
Título Reproductive and recruitment traits as indicators of the invasive potential of Kalanchoe daigremontiana (Crassulaceae) and Stapelia gigantea (Apocynaceae) in a neotropical arid zone
650 14 - ASIENTO SECUNDARIO DE MATERIA - TERMINO TEMATICO
Término temático o nombre geográfico como elemento de entrada Especies invasoras
650 14 - ASIENTO SECUNDARIO DE MATERIA - TERMINO TEMATICO
Término temático o nombre geográfico como elemento de entrada Zonas áridas
650 14 - ASIENTO SECUNDARIO DE MATERIA - TERMINO TEMATICO
Término temático o nombre geográfico como elemento de entrada Banco de semillas
650 14 - ASIENTO SECUNDARIO DE MATERIA - TERMINO TEMATICO
Término temático o nombre geográfico como elemento de entrada Especies exóticas
653 ## - TERMINO DE INDIZACION - NO CONTROLADO
-- Kalanchoe daigremontiana
653 ## - TERMINO DE INDIZACION - NO CONTROLADO
-- Stapelia gigantea
700 1# - ASIENTO SECUNDARIO - NOMBRE PERSONAL
Nombre personal Nassar, J.M.
773 1# - Item fuente:
Título Journal of Arid Environments
Paginas del Articulo 978-986
Lugar, editorial y fecha de publicación 2009
Información sobre la relación 73
942 ## - ELEMENTOS ADICIONALES (KOHA)
Tipo de ítem Artículo
Existencias
Withdrawn status Lost status Damaged status No para préstamo Colección Ubicación Permanente Ubicación actual Fecha de adquisición Fuente de Valor Datos de publicación Seriada Total Checkouts Número topográfico Inventario / Código de Barras Date last seen Ejemplar Price effective from Forma de adquisición Tipo de material
      No para Préstamo Hemeroteca Bogotá Bogotá 10/11/2009 PUJ Fuera de circulación   AR 04532 027710 25/03/2015 1 25/03/2015   Artículo